000 00781nam a2200181Ia 4500
008 100921s9999 xx 000 0 und d
082 _b43916
_a410 न 10
100 _aजोगळेकर मिलिंद.
245 _aतुम्हाला भाषाप्रभू लेखक व्हायचय.
260 _bनुतन प्रकाशन, पुणे.
_c2010
300 _a48
_b---
365 _b50
520 _aभाषा-भाषाशास्त्र.
630 _aतुम्हाला भाषाप्रभू लेखक व्हायचय.
650 _aभाषा-भाषाशास्त्र.
730 _aतुम्हाला भाषाप्रभू लेखक व्हायचय.
942 _cBOOK
999 _c793029
_d793026